[Event "HUN-chT2 Barcza 1516"]
[Site "Hungary"]
[Date "2015.11.08"]
[Round "4.11"]
[White "Toviskes, Antal"]
[Black "Bodnar, Barbara"]
[Result "1-0"]
[WhiteElo "2010"]
[BlackElo "1754"]
[PlyCount "55"]
[EventDate "2015.09.13"]
[EventType "team-tourn"]
[EventRounds "11"]
[EventCountry "HUN"]
[SourceTitle "CBM 170 Extra"]
[Source "ChessBase"]
[SourceDate "2016.02.25"]
[SourceVersion "1"]
[SourceVersionDate "2016.02.25"]
[SourceQuality "1"]
[WhiteTeam "Hajduboszormeny"]
[BlackTeam "Nyiregyhaza"]
[WhiteTeamCountry "HUN"]
[BlackTeamCountry "HUN"]

1. e4 e5 2. Nc3 Nc6 3. Bc4 Nf6 4. d3 Bc5 5. f4 d6 6. Nf3 Bg4 7. Na4 Bb6 8. Nxb6 axb6 9. 0-0 Nd4 10. fxe5 dxe5 11. Bxf7+ Kf8 12. Bc4 Nxf3+ 13. gxf3 Bh3 14. Rf2 Ke8 15. Be3 Rf8 16. Qd2 Qd7 17. Kh1 Nh5 18. Rg1 Nf4 19. Bxf4 exf4 20. Qc3 g6 21. Rg5 Ra5 22. Rxa5 bxa5 23. Qe5+ Qe7 24. Qxa5 Kd8 25. Qa8+ Kd7 26. Qxb7 Qc5 27. Qd5+ Qxd5 28. Bxd5 1-0

[Event "HUN-chT2 Maroczy 1112"]
[Site "Hungary"]
[Date "2012.04.22"]
[Round "9"]
[White "Bodnar, Barbara"]
[Black "Novak, Barbara"]
[Result "1/2-1/2"]
[WhiteElo "1744"]
[BlackElo "1734"]
[PlyCount "88"]
[EventDate "2011.09.25"]
[EventType "team-tourn"]
[EventRounds "11"]
[EventCountry "HUN"]
[SourceTitle "EXT 2013"]
[Source "ChessBase"]
[SourceDate "2012.11.22"]
[SourceVersion "1"]
[SourceVersionDate "2012.11.22"]
[SourceQuality "1"]
[WhiteTeam "Nyiregyhaza"]
[BlackTeam "Oroshaza"]
[WhiteTeamCountry "HUN"]
[BlackTeamCountry "HUN"]

1. e4 e6 2. d4 d5 3. Nd2 c5 4. Ngf3 Nc6 5. c3 cxd4 6. cxd4 dxe4 7. Nxe4 Bb4+ 8. Bd2 Qb6 9. a3 Bxd2+ 10. Qxd2 Nge7 11. Nd6+ Kf8 12. Rd1 Qa5 13. Qxa5 Nxa5 14. b4 Nac6 15. Bc4 a6 16. Ng5 Nd8 17. 0-0 h6 18. Nf3 b5 19. Be2 Nb7 20. Nxb7 Bxb7 21. Ne5 Nf5 22. Bf3 Bxf3 23. Nxf3 Rd8 24. Rfe1 g6 25. Rd3 Kg7 26. Red1 Ne7 27. g3 Rd5 28. Rc1 Rhd8 29. Kf1 Nf5 30. Rcd1 e5 31. Nxe5 Rxd4 32. Rxd4 Rxd4 33. Rxd4 Nxd4 34. Nd7 Nc6 35. Nc5 a5 36. Nd3 axb4 37. Nxb4 Nxb4 38. axb4 Kf6 39. Ke2 Ke5 40. Ke3 g5 41. g4 f6 42. h3 Kd5 43. Kd3 Ke5 44. Ke3 Kd5 1/2-1/2

[Event "HUN-chT2 Maroczy 1112"]
[Site "Hungary"]
[Date "2012.03.25"]
[Round "8"]
[White "Bodnar, Barbara"]
[Black "Fuad Kamel Jamaliah, Natalie"]
[Result "1/2-1/2"]
[WhiteElo "1744"]
[BlackElo "1942"]
[PlyCount "26"]
[EventDate "2011.09.25"]
[EventType "team-tourn"]
[EventRounds "11"]
[EventCountry "HUN"]
[SourceTitle "EXT 2013"]
[Source "ChessBase"]
[SourceDate "2012.11.22"]
[SourceVersion "1"]
[SourceVersionDate "2012.11.22"]
[SourceQuality "1"]
[WhiteTeam "Nyiregyhaza"]
[BlackTeam "Lila Futo"]
[WhiteTeamCountry "HUN"]
[BlackTeamCountry "HUN"]

1. e4 c5 2. Nf3 e6 3. d4 cxd4 4. Nxd4 Nf6 5. Nc3 d6 6. Be3 Be7 7. f3 0-0 8. Qd2 a6 9. g4 b5 10. a3 Bb7 11. g5 Nfd7 12. f4 Nc6 13. Nxc6 Bxc6 1/2-1/2

[Event "HUN-chT U18"]
[Site "Miskolc"]
[Date "2011.11.04"]
[Round "4.5"]
[White "Lajtos, Levente"]
[Black "Bodnar, Barbara"]
[Result "0-1"]
[WhiteElo "1741"]
[BlackElo "1744"]
[PlyCount "114"]
[EventDate "2011.11.02"]
[EventType "team-swiss"]
[EventRounds "8"]
[EventCountry "HUN"]
[SourceTitle "EXT 2012"]
[Source "ChessBase"]
[SourceDate "2011.11.24"]
[SourceVersion "1"]
[SourceVersionDate "2011.11.24"]
[SourceQuality "1"]
[WhiteTeam "Kobanya Aquarena"]
[BlackTeam "Nyiregyhaza"]
[WhiteTeamCountry "HUN"]
[BlackTeamCountry "HUN"]

1. d4 Nf6 2. c4 g6 3. Nc3 Bg7 4. e4 d6 5. Be2 0-0 6. Bg5 Nbd7 7. Qc2 e5 8. d5 a5 9. f3 Nc5 10. g4 h6 11. Be3 Nh7 12. h4 f5 13. h5 fxg4 14. hxg6 Ng5 15. fxg4 Qf6 16. 0-0-0 Qxg6 17. Kb1 Rf6 18. Bxg5 Qxg5 19. Nh3 Qg6 20. Rdg1 Rf8 21. g5 Bxh3 22. gxh6 Qxh6 23. Rg3 Rf2 24. Rhxh3 Qf6 25. Qd1 Rf4 26. Qh1 Rf8 27. Rh8+ Kf7 28. Rxg7+ Ke8 29. Rxf8+ Qxf8 30. Qh5+ Kd8 31. Qg5+ Qf6 32. Qxf6+ Rxf6 33. a3 Rf2 34. Rg4 Rf4 35. Rxf4 exf4 36. Kc2 Ke7 37. Bf3 Kf6 38. Ne2 Ke5 39. b4 axb4 40. axb4 Nxe4 41. Bxe4 Kxe4 42. Kb3 Ke3 43. Ng1 f3 44. Nh3 f2 45. Nxf2 Kxf2 46. c5 Ke3 47. Kc4 Ke4 48. b5 b6 49. cxb6 cxb6 50. Kc3 Kxd5 51. Kb4 Kd4 52. Kb3 Kc5 53. Ka4 Kc4 54. Ka3 Kxb5 55. Kb3 Kc5 56. Kc3 b5 57. Kb3 b4 0-1

[Event "HUN-chT2 Maroczy 1011"]
[Site "Hungary"]
[Date "2011.05.15"]
[Round "11"]
[White "Bodnar, Barbara"]
[Black "Acs, Petra"]
[Result "1/2-1/2"]
[WhiteElo "1723"]
[BlackElo "1632"]
[PlyCount "82"]
[EventDate "2010.09.12"]
[EventType "team-tourn"]
[EventRounds "11"]
[EventCountry "HUN"]
[SourceTitle "EXT 2012"]
[Source "ChessBase"]
[SourceDate "2011.11.24"]
[SourceVersion "1"]
[SourceVersionDate "2011.11.24"]
[SourceQuality "1"]
[WhiteTeam "Nyiregyhaza"]
[BlackTeam "Miskolc EMSE"]
[WhiteTeamCountry "HUN"]
[BlackTeamCountry "HUN"]

1. e4 e5 2. Nf3 Nc6 3. Nc3 Nf6 4. d4 exd4 5. Nxd4 Bc5 6. Be3 Bb6 7. Nxc6 bxc6 8. Bxb6 axb6 9. Bd3 d6 10. h3 Nd7 11. 0-0 Ne5 12. f4 Nxd3 13. cxd3 0-0 14. f5 Qf6 15. Qf3 Bb7 16. Qg3 b5 17. Rf2 Kh8 18. Nd1 Rg8 19. Ne3 Qd4 20. Ng4 f6 21. a3 b4 22. Qe3 Qxe3 23. Nxe3 Ra7 24. Nc2 bxa3 25. Rxa3 Rxa3 26. Nxa3 Ba6 27. Rd2 Rb8 28. Kf2 Kg8 29. Nb1 Kf7 30. Nc3 Ke7 31. Ne2 g6 32. Nd4 Rb6 33. g4 Bc8 34. Ne2 Kf7 35. Nf4 Bd7 36. Kg3 Rb8 37. h4 Rg8 38. Kf3 Bc8 39. Rc2 Bd7 40. Rg2 Bc8 41. Rc2 Bd7 1/2-1/2

[Event "HUN-chT2 Maroczy 1011"]
[Site "Hungary"]
[Date "2011.03.27"]
[Round "7"]
[White "Hajnal, Gyula"]
[Black "Bodnar, Barbara"]
[Result "1-0"]
[WhiteElo "2043"]
[BlackElo "1723"]
[PlyCount "63"]
[EventDate "2010.09.12"]
[EventType "team-tourn"]
[EventRounds "11"]
[EventCountry "HUN"]
[SourceTitle "EXT 2012"]
[Source "ChessBase"]
[SourceDate "2011.11.24"]
[SourceVersion "1"]
[SourceVersionDate "2011.11.24"]
[SourceQuality "1"]
[WhiteTeam "Fuzesabony"]
[BlackTeam "Nyiregyhaza"]
[WhiteTeamCountry "HUN"]
[BlackTeamCountry "HUN"]

1. c4 e5 2. Nc3 Nc6 3. Nf3 d6 4. h3 g6 5. e4 Bg7 6. Be2 Nf6 7. d3 0-0 8. 0-0 Be6 9. Be3 Qd7 10. Nd5 Ne8 11. Nh2 f5 12. f4 Nf6 13. fxe5 dxe5 14. Bf3 fxe4 15. dxe4 b6 16. Qa4 Rf7 17. Rad1 Qe8 18. Rd2 Na5 19. Qc2 c6 20. Nxf6+ Bxf6 21. b3 Nb7 22. Bg4 Bg7 23. Rxf7 Qxf7 24. Qd1 Bf8 25. Bxe6 Qxe6 26. Ng4 Nc5 27. Qf3 Nd7 28. Rxd7 Bg7 29. Qd1 Qe8 30. Bh6 Bh8 31. Qd6 Rc8 32. Re7 1-0

[Event "HUN-chT U18"]
[Site "Miskolc"]
[Date "2010.11.06"]
[Round "8.1"]
[White "Varga, Melinda"]
[Black "Bodnar, Barbara"]
[Result "1/2-1/2"]
[WhiteElo "2025"]
[BlackElo "1723"]
[PlyCount "58"]
[EventDate "2010.11.02"]
[EventType "team-swiss"]
[EventRounds "8"]
[EventCountry "HUN"]
[SourceTitle "EXT 2016"]
[Source "ChessBase"]
[SourceDate "2015.10.08"]
[SourceVersion "1"]
[SourceVersionDate "2015.10.08"]
[SourceQuality "1"]

1. Nf3 Nc6 2. d4 Nf6 3. c4 d6 4. Nc3 g6 5. e4 Bg7 6. d5 Ne5 7. Nxe5 dxe5 8. Be2 0-0 9. 0-0 Ne8 10. c5 f5 11. Bc4 Kh8 12. b4 Nf6 13. f3 Bd7 14. Bb2 f4 15. Ne2 Ne8 16. Nc1 c6 17. dxc6 bxc6 18. Nd3 Qc7 19. Bc3 Bf6 20. Qd2 Rd8 21. Qb2 Ng7 22. Nxe5 Be6 23. Bxe6 Nxe6 24. Rad1 Kg7 25. Rxd8 Rxd8 26. Ng4 Bxc3 27. Qxc3+ Nd4 28. Re1 e5 29. a4 h5 1/2-1/2

[Event "HUN-chT2 Maroczy 1011"]
[Site "Hungary"]
[Date "2010.09.12"]
[Round "1"]
[White "Simon, Lili"]
[Black "Bodnar, Barbara"]
[Result "1-0"]
[WhiteElo "1740"]
[BlackElo "1723"]
[PlyCount "97"]
[EventDate "2010.09.12"]
[EventType "team-tourn"]
[EventRounds "11"]
[EventCountry "HUN"]
[SourceTitle "EXT 2012"]
[Source "ChessBase"]
[SourceDate "2011.11.24"]
[SourceVersion "1"]
[SourceVersionDate "2011.11.24"]
[SourceQuality "1"]
[WhiteTeam "Debrecen SBE"]
[BlackTeam "Nyiregyhaza"]
[WhiteTeamCountry "HUN"]
[BlackTeamCountry "HUN"]

1. e4 e5 2. Nf3 Nc6 3. d4 exd4 4. Nxd4 Bc5 5. Be3 Qf6 6. Nb5 Bxe3 7. fxe3 Qh4+ 8. g3 Qd8 9. N1c3 a6 10. Nd4 Ne5 11. Qe2 d6 12. h3 Nf6 13. 0-0-0 b5 14. Bg2 0-0 15. g4 b4 16. Nd5 Nxd5 17. exd5 a5 18. Qf2 Ba6 19. Qf4 Qd7 20. g5 Ng6 21. Qg3 a4 22. Kb1 Bc4 23. e4 Ne5 24. h4 Qg4 25. Qxg4 Nxg4 26. Rde1 Ne5 27. h5 g6 28. hxg6 fxg6 29. Rh2 Rf2 30. Reh1 Rf7 31. Bh3 Re7 32. Be6+ Kh8 33. Rh6 Ra7 34. R6h4 c5 35. b3 cxd4 36. bxc4 Nxc4 37. Rf4 Na3+ 38. Kb2 Nc4+ 39. Kb1 Kg7 40. Rfh4 Kh8 41. Rf4 Ra8 42. Kc1 Kg7 43. Rfh4 Kh8 44. Rf4 b3 45. cxb3 axb3 46. axb3 Ra1+ 47. Kc2 Ne3+ 48. Kd2 Rxh1 49. Rf8+ 1-0

[Event "HUN-ch U16 Girls"]
[Site "Budapest"]
[Date "2010.07.01"]
[Round "6"]
[White "Bodnar, Barbara"]
[Black "Gal, Cintia"]
[Result "1-0"]
[WhiteElo "1665"]
[BlackElo "1697"]
[PlyCount "99"]
[EventDate "2010.06.26"]
[EventType "swiss"]
[EventRounds "9"]
[EventCountry "HUN"]
[SourceTitle "CBM 137 Extra"]
[Source "ChessBase"]
[SourceDate "2010.09.01"]
[SourceVersion "1"]
[SourceVersionDate "2010.09.01"]
[SourceQuality "1"]

1. e4 e5 2. Nf3 Nc6 3. Nc3 Bc5 4. Bb5 d6 5. h3 Nf6 6. 0-0 0-0 7. d3 h6 8. Bxc6 bxc6 9. Ne2 Re8 10. Ng3 d5 11. Re1 Bd6 12. Bd2 Qe7 13. Qe2 Nd7 14. Nf5 Qe6 15. N3h4 Kh7 16. Qg4 Qf6 17. Re3 Nf8 18. Rg3 Ng6 19. Qh5 Bf8 20. Bg5 Qe6 21. Nf3 Nf4 22. Qh4 Ne2+ 23. Kh2 Nxg3 24. Qxg3 Qg6 25. N5h4 Qd6 26. Bd2 Be7 27. Re1 Bf6 28. Bc3 d4 29. Bd2 c5 30. c4 dxc3 31. Bxc3 Bb7 32. Nf5 Qxd3 33. Ng5+ Bxg5 34. Qxd3 Rad8 35. Qc4 g6 36. Ng3 Kg7 37. Qxc5 a6 38. Bxe5+ Kg8 39. Qxc7 Ba8 40. Qc5 Rd2 41. f4 Bh4 42. Qc3 Red8 43. Re3 f6 44. Bxf6 Bxg3+ 45. Rxg3 R8d7 46. Qc8+ Kf7 47. Qxa8 Kxf6 48. Qc6+ Ke7 49. Rxg6 R2d6 50. Qc5 1-0

[Event "HUN-ch U16 Girls"]
[Site "Budapest"]
[Date "2010.06.29"]
[Round "4"]
[White "Bodnar, Barbara"]
[Black "Czinkoczky, Reka"]
[Result "1-0"]
[WhiteElo "1665"]
[BlackElo "1602"]
[PlyCount "67"]
[EventDate "2010.06.26"]
[EventType "swiss"]
[EventRounds "9"]
[EventCountry "HUN"]
[SourceTitle "CBM 137 Extra"]
[Source "ChessBase"]
[SourceDate "2010.09.01"]
[SourceVersion "1"]
[SourceVersionDate "2010.09.01"]
[SourceQuality "1"]

1. e4 e6 2. d4 d5 3. Nd2 Nf6 4. e5 Nfd7 5. Ngf3 c5 6. c3 Nc6 7. Nb3 Be7 8. Be3 Qb6 9. Qc2 c4 10. Nbd2 Nf8 11. Be2 Ng6 12. 0-0 Qd8 13. Rfe1 0-0 14. Nf1 Bd7 15. Qd2 Re8 16. Ng3 b5 17. Bd1 Rb8 18. Bc2 b4 19. Nh5 Bf8 20. Bg5 Be7 21. Be3 Kh8 22. Ng5 Rf8 23. f4 Bxg5 24. fxg5 bxc3 25. bxc3 Nce7 26. Qe2 Rb2 27. Bc1 Rb8 28. Rf1 Qa5 29. Rf3 Ba4 30. Bxa4 Qxa4 31. Rh3 Nf5 32. Nf6 gxf6 33. gxf6 Rg8 34. Rxh7+ 1-0

[Event "HUN-ch U16 Girls"]
[Site "Budapest"]
[Date "2010.06.26"]
[Round "1"]
[White "Juhasz, Barbara"]
[Black "Bodnar, Barbara"]
[Result "1-0"]
[WhiteElo "1895"]
[BlackElo "1665"]
[PlyCount "75"]
[EventDate "2010.06.26"]
[EventType "swiss"]
[EventRounds "9"]
[EventCountry "HUN"]
[SourceTitle "CBM 137 Extra"]
[Source "ChessBase"]
[SourceDate "2010.09.01"]
[SourceVersion "1"]
[SourceVersionDate "2010.09.01"]
[SourceQuality "1"]

1. e4 e5 2. Nf3 Nc6 3. Bb5 a6 4. Ba4 Nf6 5. 0-0 Be7 6. Re1 d6 7. c4 0-0 8. d4 exd4 9. Bxc6 bxc6 10. Nxd4 Bb7 11. Nc3 c5 12. Nf5 Re8 13. Bg5 Qd7 14. Nxe7+ Qxe7 15. Nd5 Bxd5 16. exd5 Qxe1+ 17. Qxe1 Rxe1+ 18. Rxe1 Kf8 19. Bxf6 gxf6 20. g4 Rb8 21. b3 a5 22. Re3 Re8 23. Kg2 Re5 24. Kg3 Kg7 25. Kf4 Kg6 26. h4 h5 27. f3 Kh6 28. Re4 Kg6 29. Re3 Kh6 30. Rxe5 fxe5+ 31. Kf5 hxg4 32. fxg4 Kg7 33. g5 Kh7 34. h5 Kg8 35. h6 Kh7 36. Kf6 e4 37. Kxf7 e3 38. g6+ 1-0

[Event "HUN-chT U18"]
[Site "Miskolc"]
[Date "2009.10.30"]
[Round "8.6"]
[White "Bodnar, Barbara"]
[Black "Dudas, Szilvia"]
[Result "0-1"]
[WhiteElo "1597"]
[BlackElo "1795"]
[PlyCount "86"]
[EventDate "2009.10.26"]
[EventType "team-swiss"]
[EventRounds "8"]
[EventCountry "HUN"]
[SourceTitle "EXT 2016"]
[Source "ChessBase"]
[SourceDate "2015.10.08"]
[SourceVersion "1"]
[SourceVersionDate "2015.10.08"]
[SourceQuality "1"]

1. e4 e5 2. Nf3 d6 3. d4 Nf6 4. Nc3 Nbd7 5. Bg5 Be7 6. Bc4 0-0 7. 0-0 c6 8. Qd2 b5 9. Bd3 a5 10. a3 h6 11. Bxf6 Bxf6 12. d5 cxd5 13. Nxb5 Nc5 14. Nc3 Nxd3 15. cxd3 d4 16. Nd5 Bb7 17. Nxf6+ Qxf6 18. Rfe1 Qe6 19. Rac1 Qb3 20. Qc2 Qxc2 21. Rxc2 Ba6 22. Rd1 Rfc8 23. Rxc8+ Rxc8 24. Ne1 a4 25. Kf1 Kf8 26. Ke2 Ke7 27. Kd2 Rb8 28. Rb1 Rb3 29. Kc2 d5 30. f3 g6 31. Rd1 dxe4 32. fxe4 f5 33. Rd2 fxe4 34. dxe4 Re3 35. Nd3 Bxd3+ 36. Rxd3 Rxe4 37. Kd2 Rf4 38. Ke2 Kd6 39. g3 Rf6 40. Rd1 Kd5 41. Rc1 Rc6 42. Rxc6 Kxc6 43. Kd3 Kd5 0-1

[Event "HUN-chT U18"]
[Site "Miskolc"]
[Date "2009.10.29"]
[Round "7.3"]
[White "Varga, Melinda"]
[Black "Bodnar, Barbara"]
[Result "1-0"]
[WhiteElo "1871"]
[BlackElo "1597"]
[PlyCount "61"]
[EventDate "2009.10.26"]
[EventType "team-swiss"]
[EventRounds "8"]
[EventCountry "HUN"]
[SourceTitle "EXT 2016"]
[Source "ChessBase"]
[SourceDate "2015.10.08"]
[SourceVersion "1"]
[SourceVersionDate "2015.10.08"]
[SourceQuality "1"]

1. e4 e5 2. Nf3 Nc6 3. Bc4 Bc5 4. c3 Nf6 5. d3 d6 6. h3 0-0 7. 0-0 a6 8. Bb3 Be6 9. Re1 Ba7 10. Nbd2 Ne7 11. Nf1 Ng6 12. Ng3 Nf4 13. d4 Ng6 14. Bc2 h6 15. Be3 c5 16. Qe2 Qc7 17. d5 Bd7 18. c4 Rfe8 19. Nh2 Qc8 20. Nf5 Bxf5 21. exf5 Nf8 22. Ng4 N8h7 23. Qf3 Bb6 24. Qg3 Kh8 25. Nxf6 Nxf6 26. Qh4 Bd8 27. Bxh6 gxh6 28. Qxh6+ Kg8 29. Re3 Nh5 30. f6 Bxf6 31. Bh7+ 1-0

[Event "HUN-chT U18"]
[Site "Miskolc"]
[Date "2009.10.28"]
[Round "5.5"]
[White "Bodnar, Barbara"]
[Black "Simon, Zsofia"]
[Result "1/2-1/2"]
[WhiteElo "1597"]
[BlackElo "1747"]
[PlyCount "98"]
[EventDate "2009.10.26"]
[EventType "team-swiss"]
[EventRounds "8"]
[EventCountry "HUN"]
[SourceTitle "EXT 2016"]
[Source "ChessBase"]
[SourceDate "2015.10.08"]
[SourceVersion "1"]
[SourceVersionDate "2015.10.08"]
[SourceQuality "1"]

1. e4 c5 2. Nf3 d6 3. d4 cxd4 4. Nxd4 Nf6 5. Nc3 g6 6. f3 Bg7 7. Be3 0-0 8. Qd2 Nc6 9. 0-0-0 Bd7 10. g4 a6 11. h4 Ne5 12. Be2 b5 13. h5 Rc8 14. Bh6 b4 15. Nd5 Nxd5 16. exd5 Qa5 17. Bxg7 Kxg7 18. hxg6 fxg6 19. Qh6+ Kf7 20. Qxh7+ Ke8 21. Qg7 Nf7 22. Rh7 Qxa2 23. Bd3 Qa1+ 24. Kd2 Qxb2 25. Rdh1 Qc3+ 26. Ke2 Bb5 27. Rd1 Qb2 28. Kf2 Bxd3 29. Rxd3 a5 30. Qxg6 b3 31. Qe6 Rc7 32. Ke3 Qxd4+ 33. Kxd4 bxc2 34. Rh1 c1Q 35. Rxc1 Rxc1 36. Rc3 Rd1+ 37. Rd3 Rxd3+ 38. Kxd3 Ne5+ 39. Ke4 Rxf3 40. Qc8+ Kf7 41. Qe6+ Ke8 42. g5 Rg3 43. Qc8+ Kf7 44. Qe6+ Ke8 45. Kf4 Rg1 46. Qc8+ Kf7 47. Qe6+ Ke8 48. Qc8+ Kf7 49. Qe6+ Ke8 1/2-1/2

[Event "HUN-ch U16 Girls"]
[Site "Balatonlelle"]
[Date "2009.06.30"]
[Round "4"]
[White "Huszar, Nora"]
[Black "Bodnar, Barbara"]
[Result "1/2-1/2"]
[WhiteElo "1339"]
[BlackElo "1614"]
[PlyCount "47"]
[EventDate "2009.06.27"]
[EventType "swiss"]
[EventRounds "9"]
[EventCountry "HUN"]
[SourceTitle "EXT 2011"]
[Source "ChessBase"]
[SourceDate "2010.11.26"]
[SourceVersion "1"]
[SourceVersionDate "2010.11.26"]
[SourceQuality "1"]

1. d4 d5 2. c4 e6 3. Nc3 Nf6 4. Nf3 c5 5. dxc5 Bxc5 6. Bg5 Bb4 7. Qa4+ Nc6 8. cxd5 exd5 9. Bd2 0-0 10. e3 Bd7 11. Qc2 Bg4 12. Be2 d4 13. Nxd4 Nxd4 14. exd4 Qxd4 15. Bxg4 Nxg4 16. 0-0 Rfe8 17. Rad1 Qe5 18. g3 Qh5 19. h4 h6 20. Nd5 Rac8 21. Qb3 Bxd2 22. Rxd2 Ne5 23. Kg2 Nc4 24. Rd4 1/2-1/2

[Event "HUN-ch U16 Girls"]
[Site "Balatonlelle"]
[Date "2009.06.29"]
[Round "3"]
[White "Honsch, Kamilla"]
[Black "Bodnar, Barbara"]
[Result "1/2-1/2"]
[WhiteElo "1766"]
[BlackElo "1614"]
[PlyCount "94"]
[EventDate "2009.06.27"]
[EventType "swiss"]
[EventRounds "9"]
[EventCountry "HUN"]
[SourceTitle "EXT 2011"]
[Source "ChessBase"]
[SourceDate "2010.11.26"]
[SourceVersion "1"]
[SourceVersionDate "2010.11.26"]
[SourceQuality "1"]

1. c4 c5 2. Nc3 Nc6 3. Nf3 Nf6 4. g3 g6 5. Bg2 Bg7 6. 0-0 0-0 7. d3 d6 8. Bg5 Bg4 9. Qd2 Qd7 10. Bh6 Bh3 11. Bxg7 Kxg7 12. Rab1 Bxg2 13. Kxg2 Rad8 14. a3 d5 15. cxd5 Nxd5 16. Nxd5 Qxd5 17. Kg1 Kg8 18. Qc3 Nd4 19. Nxd4 Qxd4 20. Qxd4 cxd4 21. Rfc1 Rc8 22. Rc4 Rxc4 23. dxc4 Rc8 24. b3 e5 25. Rd1 Kf8 26. e3 dxe3 27. fxe3 Ke7 28. Rd5 Ke6 29. Kf2 a6 30. e4 f5 31. Ke3 b6 32. a4 Rc6 33. Rd8 Rd6 34. Rh8 h5 35. exf5+ Kxf5 36. Rf8+ Ke6 37. Re8+ Kf5 38. Rf8+ Ke6 39. Rb8 Kf5 40. h3 Ke6 41. g4 hxg4 42. hxg4 Kf6 43. Rf8+ Ke7 44. Rg8 Kf7 45. Ra8 a5 46. g5 Ke6 47. Rf8 Ke7 1/2-1/2

[Event "HUN-ch U16 Girls"]
[Site "Balatonlelle"]
[Date "2009.06.27"]
[Round "1"]
[White "Bodnar, Barbara"]
[Black "Dudas, Szilvia"]
[Result "0-1"]
[WhiteElo "1614"]
[BlackElo "1795"]
[PlyCount "96"]
[EventDate "2009.06.27"]
[EventType "swiss"]
[EventRounds "9"]
[EventCountry "HUN"]
[SourceTitle "EXT 2011"]
[Source "ChessBase"]
[SourceDate "2010.11.26"]
[SourceVersion "1"]
[SourceVersionDate "2010.11.26"]
[SourceQuality "1"]

1. e4 e5 2. Nf3 Nc6 3. Nc3 Nf6 4. d4 exd4 5. Nxd4 Bb4 6. Nxc6 bxc6 7. Bd3 d5 8. exd5 cxd5 9. 0-0 0-0 10. Bg5 c6 11. Qf3 Bd6 12. Rfe1 Rb8 13. Rab1 Be6 14. Ne2 Bg4 15. Bxf6 Bxf3 16. Bxd8 Bxe2 17. Rxe2 Rfxd8 18. b3 g6 19. g3 Bb4 20. Re3 Re8 21. Re2 Rxe2 22. Bxe2 Re8 23. Bf3 Re6 24. Rd1 Bc3 25. Kf1 d4 26. Bg2 Kf8 27. Bf3 Ke7 28. Be2 Kd6 29. Bc4 Re7 30. a3 a5 31. a4 f5 32. Bd3 Kc5 33. Kg2 Kb4 34. Rf1 Ka3 35. f4 Kb2 36. Rf2 Re3 37. h3 Rxd3 38. cxd3+ Kxb3 39. Kf1 Kxa4 40. Ke2 Kb3 41. Kd1 a4 42. Kc1 a3 43. Kb1 Bb2 44. Rxb2+ axb2 45. g4 Kc3 46. gxf5 gxf5 47. h4 Kxd3 48. Kxb2 Ke2 0-1